Countries Producing the Most Turkey (2012) - Statistics

General Stats
  • This quiz has been taken 380 times
  • The average score is 13 of 20
Answer Stats
x 100,000 country % Correct
2645 United States
97%
201 United Kingdom
90%
145 Canada
89%
450 France
88%
529 Germany
87%
90 Not Turkey! It comes nowhere
85%
338 Italy
83%
510 Brazil
81%
22 Australia
77%
36 Argentina
74%
50 Poland
73%
97 Chile
64%
118 Austria
60%
71 Netherlands
60%
25 Ireland
59%
29 Portugal
58%
64 Hungary
52%
92 Israel
28%
37 Morocco
28%
59 Tunisia
17%
No matching quizzes found
Score Distribution
Percent of People with Each Score
Percentile by Number Answered
Your Score History
You have not taken this quiz